Detalles MARC
| 000 -LEADER |
| campo de control de longitud fija |
02190cam a22004694i 4500 |
| 003 - IDENTIFICADOR DE NÚMERO DE CONTROL |
| campo de control |
PE-LiUPU |
| 005 - FECHA Y HORA DE LA ÚLTIMA TRANSACCIÓN |
| campo de control |
20250807103435.0 |
| 008 - DATOS DE LONGITUD FIJA--INFORMACIÓN GENERAL |
| campo de control de longitud fija |
150617s1945 txu r 000 0 spa d |
| 035 ## - NÚMERO DE CONTROL DEL SISTEMA |
| Número de control de sistema |
(Sirsi) a11413 |
| 040 ## - FUENTE DE CATALOGACIÓN |
| Centro catalogador/agencia de origen |
PE-LiUPU |
| Lengua de catalogación |
spa |
| Centro/agencia transcriptor |
PE-LiUPU |
| Normas de descripción |
rda |
| 049 ## - FONDOS LOCALES (OCLC) |
| Biblioteca depositaria |
PRUA |
| 082 04 - NÚMERO DE LA CLASIFICACIÓN DECIMAL DEWEY |
| Número de clasificación |
227.9 |
| Cutter |
C319e |
| Número de edición |
21 |
| 100 1# - ENTRADA PRINCIPAL--NOMBRE DE PERSONA |
| Nombre de persona |
Carroll, B. H., |
| Término indicativo de función/relación |
autor. |
| 245 14 - MENCIÓN DEL TÍTULO |
| Título |
Las epístolas pastorales del apóstol Pablo : |
| Resto del título |
I y II de Pedro, Judas, I,II y III de Juan / |
| Mención de responsabilidad, etc. |
B. H. Carroll. |
| 264 #1 - PRODUCCIÓN, PUBLICACIÓN, DISTRIBUCIÓN, FABRICACIÓN Y COPYRIGHT |
| Producción, publicación, distribución, fabricación y copyright |
Texas : |
| Nombre del de productor, editor, distribuidor, fabricante |
Casa Bautista de Publicaciones, |
| Fecha de producción, publicación, distribución, fabricación o copyright |
1945. |
| 300 ## - DESCRIPCIÓN FÍSICA |
| Extensión |
387 páginas ; |
| Dimensiones |
20 centímetros. |
| 336 ## - TIPO DE CONTENIDO |
| Término de tipo de contenido |
text |
| Fuente |
rdacontent |
| 337 ## - TIPO DE MEDIO |
| Nombre/término del tipo de medio |
unmediated |
| Fuente |
rdamedia |
| 338 ## - TIPO DE SOPORTE |
| Nombre/término del tipo de soporte |
volume |
| Fuente |
rdacarrier |
| 490 0# - MENCIÓN DE SERIE |
| Mención de serie |
Una Interpretación de la Biblia |
| 505 0# - NOTA DE CONTENIDO CON FORMATO |
| Nota de contenido con formato |
Análisis de I a Timoteo -- La experiencia cristiana de Pablo -- Las esferas de los hombres -- La misión de la Iglesia -- El misterio de iniquidad -- Asuntos internos de la Iglesia -- Carta a Tito, analizada -- Exposición de Tito -- Introducción a II a Timoteo -- Un ministro fiel -- El último día -- La palabra final de Pablo -- La vida de Pedro -- Introducción a I de Pedro -- Padecimientos cristianos no merecidos -- Lo que debe desecharse -- El segundo advenimiento -- Introducción a II de Pedro -- Exposición de II de Pedro -- Introducción a Judas -- Exposición a Judas -- Exposición del libro de Judas -- Primera carta de Juan -- Segunda y Tercera carta de Juan. |
| 526 ## - NOTA DE INFORMACIÓN SOBRE EL PROGRAMA DE ESTUDIO |
| Nombre del programa |
Segunda Especialidad En Profecías Bíblicas |
| 526 ## - NOTA DE INFORMACIÓN SOBRE EL PROGRAMA DE ESTUDIO |
| Nombre del programa |
Segunda Especialidad En Nuevo Testamento |
| 526 ## - NOTA DE INFORMACIÓN SOBRE EL PROGRAMA DE ESTUDIO |
| Nombre del programa |
Segunda Especialidad En Antiguo Testamento |
| 526 ## - NOTA DE INFORMACIÓN SOBRE EL PROGRAMA DE ESTUDIO |
| Nombre del programa |
Segunda Especialidad En Estudios Adventistas |
| 526 ## - NOTA DE INFORMACIÓN SOBRE EL PROGRAMA DE ESTUDIO |
| Nombre del programa |
Doctorado en teología |
| 526 ## - NOTA DE INFORMACIÓN SOBRE EL PROGRAMA DE ESTUDIO |
| Nombre del programa |
Maestría en teología histórica |
| 526 ## - NOTA DE INFORMACIÓN SOBRE EL PROGRAMA DE ESTUDIO |
| Nombre del programa |
Maestría en teología bíblica |
| 526 ## - NOTA DE INFORMACIÓN SOBRE EL PROGRAMA DE ESTUDIO |
| Nombre del programa |
Maestría en teología |
| 526 ## - NOTA DE INFORMACIÓN SOBRE EL PROGRAMA DE ESTUDIO |
| Nombre del programa |
Maestría en misionología |
| 526 ## - NOTA DE INFORMACIÓN SOBRE EL PROGRAMA DE ESTUDIO |
| Nombre del programa |
Maestría en liderazgo eclesiástico |
| 526 ## - NOTA DE INFORMACIÓN SOBRE EL PROGRAMA DE ESTUDIO |
| Nombre del programa |
Teología |
| 630 14 - PUNTO DE ACCESO ADICIONAL DE MATERIA--TÍTULO UNIFORME |
| Título uniforme |
Biblia |
| Nombre de parte o sección de la obra |
Epístolas pastorales |
| Subdivisión general |
Comentarios. |
| 700 ## - ENTRADA AGREGADA--NOMBRE PERSONAL |
| Nombre de persona |
Hale, Sara, |
| Término indicativo de función/relación |
traductora. |
| 9 (RLIN) |
6442 |
| 910 ## - DATOS DE OPCIÓN DEL USUARIO (OCLC) |
| Datos de opción del usuario |
jck |
| 942 ## - ELEMENTOS DE ENTRADA SECUNDARIOS (KOHA) |
| Fuente del sistema de clasificación o colocación |
Clasificación Decimal Dewey |
| Tipo de ítem Koha |
Libros físicos |
| 949 ## - PROCESAMIENTO DE INFORMACIÓN LOCAL (OCLC) |
| w |
DEWEY |
| c |
2 |
| i |
04872 |
| l |
CCODEBUL1 |
| m |
BUL |
| p |
00.00 |
| r |
0 |
| s |
Y |
| t |
BOOK |
| u |
19780802 |
| x |
TEOLOGIA |
| 0 |
COMPRA |
| o |
.STAFF. Colección General |
| 949 ## - PROCESAMIENTO DE INFORMACIÓN LOCAL (OCLC) |
| a |
225.7 C26I |
| w |
DEWEY |
| c |
1 |
| i |
04429 |
| l |
CCODEBUL1 |
| m |
BUL |
| p |
00.00 |
| r |
0 |
| s |
Y |
| t |
BOOK |
| u |
19780802 |
| x |
TEOLOGIA |
| 0 |
COMPRA |
| o |
.STAFF. Colección General |
| 980 ## - EQUIVALENCIA O REFERENCIA-CRUZADA-MENCIÓN DE SERIE--NOMBRE DE PERSONA/TÍTULO [LOCAL, CANADÁ] |
| ID del último usuario que modificó el registro |
18226 |
| Nombre del último usuario que modificó el registro |
Jaime Vilcazán Jefe de Análisis Documental |